00466nam a2200193Ia 4500003000400000005001700004008004100021020001400062040000700076041001200083082002100095100001800116245003100134260004000165300001600205365001300221650001500234650002300249OSt20250711134628.0210423s2005 xx 000 0 und d a787551450 cAL aEnglish a070.4 223bKUNF aShipra Kundra aFundamentals of journalis aNew DelhibAnmol Publicationsc2005 avii,328bPB b200cINR aJournalism aJournalism & Media